| 000 | 01143nam a2200265Ia 4500 | ||
|---|---|---|---|
| 003 | OSt | ||
| 005 | 20220923230945.0 | ||
| 006 | a|||||r|||| 00| 0 | ||
| 007 | ta | ||
| 008 | 220922b |||||||| |||| 00| 0 san d | ||
| 020 | _c1000 | ||
| 024 | _a324,494 | ||
| 037 |
_b414, 13/03/2018, Eastern Book Linkers _cTextual |
||
| 040 |
_aARTS _cARTS _bsan |
||
| 041 |
_2san _asan |
||
| 082 | _aLB, 152P8.1-.2 | ||
| 100 | _aद्विवेदी, मुकुन्दीलाल, संपा. | ||
| 245 | 0 | _aआयुर्वेदीय पन्चकर्म-चिकित्सा | |
| 246 | _aĀyurvedīya panchakarma-chikitsā | ||
| 260 |
_aदिल्ली _b चौचाम्बा संस्कृत प्रतिष्ठान _c2012 |
||
| 490 |
_vखण्ड 1 _aव्रजजीवन आयुर्विज्ञान ग्रन्थमाला; 10 |
||
| 650 | _aवेद-आयुर्वेद | ||
| 942 |
_hLB, 152P8.1-.2 _cTEXL _2CC |
||
| 999 |
_c388458 _d388458 |
||